000 00329pab a2200133 454500
008 180718b1995 xxu||||| |||| 00| 0 eng d
100 _aRapport, Hillel
245 _aCoordination, altruism and under-development
260 _c1995
300 _ap.389-407
650 _aEconomic development
773 _aKyklos
909 _a29276
999 _c29276
_d29276